00514 2200205 4500001002100000005001500021035002000036007000300056008004100059020001300100082001000113084001600123100001800139245004600157250001000203260003100213300003600244650001600280990001200296INLIS00000000000493820200102030246 a0010-0120000023ta200102 g 1 ind  a65410010 a398.3 a398.3 AND c0 aANDRIANI, umi1 aCerita Rakyat Nusantara 1 /cUmi Andriani acet.6 aJakarta :bErlangga,c2010 a61 hlm :b.ilus ;c15,5 x 24 cm 4acerita anak a1072691